00610nam a2200193Ia 450000500170000000800410001702000140005804000190007204100120009108200160010324500970011926000410021630000150025744000280027250400590030065000270035970000200038685000100040620221116111725.0131103s9999 xx 000 0 und d a195635302 aLoreto College aEnglish a954.03bGUH aSubaltern Studies IVb writings on South Asian History and society cedited by Ranajit Guha aDelhibOxford University Pressc1985 ax, 383 p.  aOxford India Paperbacks aIncludes index,glossary and bibliographical references aIndia - Modern History aGuha,Ranjit;ed. aLCLIB